000 00210nam a2200097Ia 4500
008 120527s9999 xx 000 0 und d
100 _aDFID
245 _aShaping forest manament.
260 _bDFID
942 _cBK
999 _c23119
_d23119